MDQL
is popping MORE tags! Check the
thread
!
Quizzes
Events
Quiz Creation
Community
Videos
Private Events
Remove Ads
Sign In
Join for FREE
Feedback
Dark Mode
Quiz Categories
Sports
Geography
Music
Movies
Television
Just For Fun
Miscellaneous
History
Literature
Language
Science
Gaming
Entertainment
Religion
Holiday
For Kids
Quiz Lab
Recent
Popular Today
Quiz Kudos Today
Editor Picks
Curator Picks
Quizzes by...
Day
Popularity
Type
Ratings
Length
Year
Community
Subscriptions
Recent Discussions
Orange Saloon
Badges
Playlists
Quests
Create
Leaderboards
Showdown
Live 5
Trivia Bingo
Activity
Puzzle Library
Sporcle Events
Private Events
Virtual Trivia
Globe League
Become a Host
Pub Owners
SporcleCon
Opinionation
Our Games
Videos
Blog
Mobile Apps
Partnerships
Remove Ads and Go Orange
Feedback
Sports
Athletes
MLB
NBA
NHL
NFL
Soccer
Sports Teams
WWE
NCAA
Football
Premier League
Basketball
Baseball
Hockey
Golf
Tennis
Cricket
Rugby
Auto Racing
Olympics
World Cup
Sports
Athletes
MLB
NBA
NHL
NFL
Soccer
Sports Teams
WWE
NCAA
Football
Premier League
Basketball
Baseball
Hockey
Golf
Tennis
Cricket
Rugby
Auto Racing
Olympics
World Cup
Random Quiz
Search Sporcle
×
Quiz Lab
Quiz Lab
Sports
Conference
Type in answers that appear in a list
Type in answers that appear in a list
Classic
Best Score? Go Orange.
Former FCS, FBS Teams Stats
Can you name the current FBS/DI-A teams that have reclassified from FCS/DI-AA since 1978?
By
GeoExpert
6m
39 Questions
423 Plays
423 Plays
423 Plays
Comments
Comments
Give Quiz Kudos
Give Quiz Kudos
-
- Ratings
hide this ad
More Info
Replay
Link that replays current quiz
Next Quiz
Link to next quiz in quiz playlist
You Got
0%
They Got
Avg Score
66%
Avg Friend Score
Upgrade to see
Score Distribution
Jump to the score distribution portion of the page
Score
0/39
Timer
06:00
0
Plays Today
Year
Team
% Correct
2014
Appalachian State
91.8%
2014
Georgia Southern
89.5%
2013
Georgia State
83.5%
1996
Boise State
82.7%
1997
Marshall
80.6%
2009
Western Kentucky
80.6%
2005
Florida International
79.9%
2001
South Florida
79.9%
2002
Troy
79.2%
2005
Florida Atlantic
79%
1983
Western Michigan
78.3%
2017
Coastal Carolina
77.2%
1983
Eastern Michigan
76.8%
1996
Central Florida
76.6%
1983
Central Michigan
76.4%
1983
Toledo
76.4%
2012
Massachusetts
76.1%
1987
Akron
75.9%
2013
Old Dominion
75.8%
1983
Northern Illinois
75.4%
Year
Team
% Correct
2012
Texas State
75.4%
2012
UTSA
75.1%
1990
Buffalo
73.3%
1983
Ball State
73%
1994
Louisiana-Monroe
71.9%
1997
Idaho
70.2%
2012
South Alabama
69.9%
2000
Connecticut
69.5%
1983
Bowling Green
69.3%
1983
Kent State
68.1%
1995
North Texas
68.1%
1992
Arkansas State
67.6%
1999
Middle Tennessee State
67.4%
1983
Ohio
66.4%
1983
Miami (OH)
65.5%
2015
Charlotte
63.5%
1996
UAB
63.1%
1992
Nevada
61.7%
1989
Louisiana Tech
60.5%
Quiz Playlist
Details
Report
Send in Message
Add To Playlist
More Info:
Note: Year listed is the year of re-classification from I-AA to I-A
Classic:
Type in answers that appear in a list
Quiz Source
Last Updated: Feb 16, 2017
Quiz Scoreboard
CHALLENGE
Sign Up to Join the Scoreboard
Show All
Scores
Hide
Comments
May contain spoilers
Recently Published
Find the 'City' Movie
by crazypaving
Movies
60s
5x2 Blitz: Bands
by SL_Kpop136
Music
30s
Colored Red Africa Blitz
by spor1
Geography
30s
More to Explore
Quiz From the Vault
Featured Blog Post
14 Easter Pick-up Lines to Find Eggs With
hide this ad
You Might Also Like...
Tags
1978
Conference
FBS
FCS
Former
team
Today's Top Quizzes in Sports
Browse Sports
hide this ad
Today's Top Quizzes in Conference
Browse Conference
Top Contributed Quizzes in Sports
1
Les entraîneurs de l'OM et du PSG au 21e siècle
2
Les meilleurs buteurs des matchs entre le PSG et l’OM
3
Les joueurs passés par le PSG et l'OM
4
Players with Multiple 50 Home Run Seasons
5
2022 World Cup Stars
6
Criteria MLB: Left Handed Sluggers
7
NBA Logic Puzzle 2.0
8
MLB Players with Two .350 Batting Average Seasons
9
Top 10 NHL Goal Scorers of All Time
10
Les joueurs passés par le LOSC et le RC Lens
Explore More
Trending Topics
Marvel
Disney
Harry Potter
NBA
Anime
Kpop
Crossword
Song
NFL
Soccer
Puzzle
WWE
Pokémon
The Office
Country
hide this ad
More By:
GeoExpert
Quiz
Plays
Rating
Category
Featured
Created
Seven Ways to Reach First Base
1,086,486
4.16
Sports
Sep 9, 2009
Most Visited Cities
390,044
4.23
Geography
Sep 1, 2009
Top 20 Cities of Germany on a Map
324,565
4.70
Geography
Sep 6, 2009
Cities and Countries
311,425
4.28
Geography
May 29, 2009
Top 20 Cities of Spain on a Map
255,192
4.52
Geography
Aug 18, 2009
Go to Creator's Profile
Score Distribution
Quiz Creator Spotlight
GeoExpert
Follow
Send a Message
Quizzes Created
-
Created Quiz Play Count
-
More By This Creator
Popular Quizzes Today
1
Colored Red Africa Blitz
2
Find the 'City' Movie
3
Find the US States - No Outlines Minefield
4
5x2 Blitz: Bands
5
The Countries of the World
6
Find the US States
7
US States
8
Find the Countries of Europe - No Outlines Minefield
More Sports Quizzes
I Was an Expo, But I Got Better
Curator's Pick
Trending Quizzes
Colored Red Europe Blitz I
Colored Red Africa Blitz II
Colored Red Europe Blitz II
Colored Red Europe Blitz III
Colored Red Africa Blitz III
Recently Updated
How Do You Spell That?
pecheneg
Godzilla Movies
pecheneg
Grab Bag: 4-10 Letters
pecheneg
2024 March Madness Bracket
pecheneg
Famous TV Couples
Peacemaker
Champions League XIs: Real Madrid
pecheneg
Largest US Cities 1790-2010
pecheneg
Rides in Walt Disney World
pecheneg
Most Oscar Losses (Acting)
pecheneg
Beyoncé Albums
pecheneg
Trending Topics
Kpop
Anime
Disney
Harry Potter
NBA
Marvel
Crossword
Soccer
WWE
Song
NFL
Pokémon
Puzzle
The Office
Country
Your Account Isn't Verified!
In order to create a playlist on Sporcle, you need to verify the email address you used during registration. Go to your
Sporcle Settings
to finish the process.
Report this User
Report this user for behavior that violates our
Community Guidelines
.
Details:
Send Report
Go to the Sporcle.com Mobile Site →
Comments